<?xml version="1.0" encoding="UTF-8"?>
<record
    xmlns:xsi="http://www.w3.org/2001/XMLSchema-instance"
    xsi:schemaLocation="http://www.loc.gov/MARC21/slim http://www.loc.gov/standards/marcxml/schema/MARC21slim.xsd"
    xmlns="http://www.loc.gov/MARC21/slim">

  <leader>05919nab a22008177  4500</leader>
  <controlfield tag="003">AR-RoUNA</controlfield>
  <datafield tag="022" ind1=" " ind2=" ">
    <subfield code="a">0327-9022</subfield>
  </datafield>
  <datafield tag="040" ind1=" " ind2=" ">
    <subfield code="a">AR-RoUNA</subfield>
    <subfield code="b">spa</subfield>
  </datafield>
  <datafield tag="041" ind1=" " ind2=" ">
    <subfield code="a">spa</subfield>
  </datafield>
  <datafield tag="044" ind1=" " ind2=" ">
    <subfield code="a">ag</subfield>
  </datafield>
  <datafield tag="245" ind1=" " ind2=" ">
    <subfield code="a">Summa+</subfield>
  </datafield>
  <datafield tag="260" ind1=" " ind2=" ">
    <subfield code="a">Buenos Aires (Argentina):</subfield>
    <subfield code="c">Donn SA,</subfield>
    <subfield code="b">1993.</subfield>
  </datafield>
  <datafield tag="300" ind1=" " ind2=" ">
    <subfield code="a">128 p. :</subfield>
    <subfield code="b">il. byn.</subfield>
    <subfield code="b">planos</subfield>
    <subfield code="c">34X25 cm.</subfield>
  </datafield>
  <datafield tag="505" ind1="0" ind2=" ">
    <subfield code="t">INDICE</subfield>
  </datafield>
  <datafield tag="505" ind1="0" ind2=" ">
    <subfield code="t">VIVIENDA COLECTIVA - GRANDES CONJUNTOS</subfield>
  </datafield>
  <datafield tag="505" ind1="0" ind2=" ">
    <subfield code="a">Diez Fernando / El sue&#xF1;o de la manzana propia. p.4</subfield>
  </datafield>
  <datafield tag="505" ind1="0" ind2=" ">
    <subfield code="a">Minond Estudio Conjunto Tronador / Residencias Contempor&#xE1;neas. (Buenos Aires) . p.4</subfield>
  </datafield>
  <datafield tag="505" ind1="0" ind2=" ">
    <subfield code="t">VIVIENDA SOCIAL</subfield>
  </datafield>
  <datafield tag="505" ind1="0" ind2=" ">
    <subfield code="a">Mart&#xED;n Di Peco / Pol&#xED;ticas de conectividad. p.18</subfield>
  </datafield>
  <datafield tag="505" ind1="0" ind2=" ">
    <subfield code="a">Instituto de la vivienda de la ciudad /Grupo de viviendas Villa 3  Barrio Soldati. (Buenos Aires). p.18</subfield>
  </datafield>
  <datafield tag="505" ind1="0" ind2=" ">
    <subfield code="a">PFZ Arquitectos. Pfeifer - zurdo - Di Cl&#xE9;rico - Questa / Experiencia Monteagudo. Parque Patricios. 
Conjunto de viviendas Monteagudo, (Buenos Aires). p.20</subfield>
  </datafield>
  <datafield tag="505" ind1="0" ind2=" ">
    <subfield code="a">Alfonso Corona Mart&#xED;nez / Breve reflexi&#xF3;n sobre la manzana. p. 22</subfield>
  </datafield>
  <datafield tag="505" ind1="0" ind2=" ">
    <subfield code="t">VIVIENDA COLECTIVA</subfield>
  </datafield>
  <datafield tag="505" ind1="0" ind2=" ">
    <subfield code="t">SINFON&#xCD;A EN GRIS</subfield>
  </datafield>
  <datafield tag="505" ind1="0" ind2=" ">
    <subfield code="a"> Di&#xE9;guez Fridman arquitectos &amp; asociados / Viviendas en la calle Clay. Las Ca&#xF1;itas. (Buenos Aires). p.24</subfield>
  </datafield>
  <datafield tag="505" ind1="0" ind2=" ">
    <subfield code="t">CON ESENCIA PALERMITANA</subfield>
  </datafield>
  <datafield tag="505" ind1="0" ind2=" ">
    <subfield code="a">Lacroze - Miguenz - Prati Arquitectos - Jos&#xE9; I. Miguenz - Pablo Iglesias Moli / PH en altura. Viviendas en la calle El Salvador. El Salvador 4036. ( Palermo - Buenos Aires). p.32</subfield>
  </datafield>
  <datafield tag="505" ind1="0" ind2=" ">
    <subfield code="a">Lacroze-Miguens-Prati arquitectos- Jos&#xE9; I. Miguens-Pablo Iglesias Molli - Diego Abramz&#xF3;n, Arq. asociado / El Salvador 4753. ( Ciudad aut&#xF3;noma de Buenos Aires - 2002)  p.38</subfield>
  </datafield>
  <datafield tag="505" ind1="0" ind2=" ">
    <subfield code="t">C&#xD3;RDOBA - CASAS M&#xDA;LTIPLES</subfield>
  </datafield>
  <datafield tag="505" ind1="0" ind2=" ">
    <subfield code="a">M&#xF3;nica Bertolino - Carlos Barrado / Edificio Constenar I, Pringles 39, Barrio Gral. Paz. (C&#xF3;rdoba).  p.44</subfield>
  </datafield>
  <datafield tag="505" ind1="0" ind2=" ">
    <subfield code="a">Cayetana Merc&#xE8; / Emprender construyendo: la propiedad horizontal en la pr&#xE1;ctica profesional de la arquitectura. p.50</subfield>
  </datafield>
  <datafield tag="505" ind1="0" ind2=" ">
    <subfield code="t">SERIE Y PROCEDIMIENTO - VILLA CRESPO</subfield>
  </datafield>
  <datafield tag="505" ind1="0" ind2=" ">
    <subfield code="a">Moca Arquitectos - Mariana Cardinali y Hugo Montorfano / Loyola 963. ( Ciudad aut&#xF3;noma de Buenos Aires). p.56</subfield>
  </datafield>
  <datafield tag="505" ind1="0" ind2=" ">
    <subfield code="t">ESPACIOS INTERCALADOS - SANTIAGO DE CHILE</subfield>
  </datafield>
  <datafield tag="505" ind1="0" ind2=" ">
    <subfield code="a">Gonzalo Mardones Viviani Arquitecto / Edificio Glamis, Las Condes, Santiago. (Chile). p.62</subfield>
  </datafield>
  <datafield tag="505" ind1="0" ind2=" ">
    <subfield code="t">VEREDA, ZAGU&#xC1;N Y DESPU&#xC9;S - N&#xDA;&#xD1;EZ</subfield>
  </datafield>
  <datafield tag="505" ind1="0" ind2=" ">
    <subfield code="a">Arquitectonika - L&#xF3;pez - Leyt - L&#xF3;pez - Yablon - Dar&#xED;o Gabriel L&#xF3;pez, Laura Karin Leyt, Marcelo Alejandro L&#xF3;pez y Mariana Yablon, arqs. / Campos Salles PH Urbano 09 (Ciudad aut&#xF3;noma de Buenos Aires). p.68</subfield>
  </datafield>
  <datafield tag="505" ind1="0" ind2=" ">
    <subfield code="t">AMPLITUD Y AIRE DE JUEGO - COLEGIALES</subfield>
  </datafield>
  <datafield tag="505" ind1="0" ind2=" ">
    <subfield code="a">Arquitectonika - L&#xF3;pez - Leyt - L&#xF3;pez - Yablon - Dar&#xED;o Gabriel L&#xF3;pez, Laura Karin Leyt, Marcelo Alejandro L&#xF3;pez y Mariana Yablon, arqs. / PH Urbano 10. (Ciudad aut&#xF3;noma de Bs As). p.72</subfield>
  </datafield>
  <datafield tag="505" ind1="0" ind2=" ">
    <subfield code="t">BULLICIO Y PRIVACIDAD - PALERMO</subfield>
  </datafield>
  <datafield tag="505" ind1="0" ind2=" ">
    <subfield code="a">Estudio Hauser / Condominio Borges, (Ciudad aut&#xF3;noma de Buenos Aires). p.78</subfield>
  </datafield>
  <datafield tag="505" ind1="0" ind2=" ">
    <subfield code="t">EL CONTRUCTOR CONTEMPOR&#xC1;NEO - FLORESTA</subfield>
  </datafield>
  <datafield tag="505" ind1="0" ind2=" ">
    <subfield code="a">Adamo - Faiden /  Casas Lago, Mor&#xF3;n 3939 (Ciudad aut&#xF3;noma de Buenos Aires). p.80</subfield>
  </datafield>
  <datafield tag="505" ind1="0" ind2=" ">
    <subfield code="a">Jardines de Oro, calle Obispo Oro 344 (C&#xF3;rdoba). p.86</subfield>
  </datafield>
  <datafield tag="505" ind1="0" ind2=" ">
    <subfield code="a">Torre Mairea, calle Obispo Oro 441 (C&#xF3;rdoba). p.88</subfield>
  </datafield>
  <datafield tag="505" ind1="0" ind2=" ">
    <subfield code="a">Norberto Chaves / Tres dimensiones de la cr&#xED;tica arquitect&#xF3;nica. p.90</subfield>
  </datafield>
  <datafield tag="505" ind1="0" ind2=" ">
    <subfield code="a">Tom&#xE1;s Powell / Liebre por gato. p.94</subfield>
  </datafield>
  <datafield tag="505" ind1="0" ind2=" ">
    <subfield code="a">Nicol&#xE1;s Campod&#xF3;nico, arqs. / Marabajo (cuatro casas en La Pedrera), Rocha. (Uruguay) . p.94</subfield>
  </datafield>
  <datafield tag="505" ind1="0" ind2=" ">
    <subfield code="a">Guillermina Abeledo / Plataformas Mestizas: arquitectura colombiana contempor&#xE1;nea. p.104</subfield>
  </datafield>
  <datafield tag="505" ind1="0" ind2=" ">
    <subfield code="a">Sim&#xF3;n Hosie Samper / Puertas abiertas peajes de las autopistas del caf&#xE9;, V&#xED;a Armenia - Pereira, (Colombia). p.105</subfield>
  </datafield>
  <datafield tag="505" ind1="0" ind2=" ">
    <subfield code="a">Enrique Triana Uribe y Juan  Carlos Rojas Iragorri / Manzana cultual, Banco de la republica, salas para las exposiciones temporales (Colombia). p.107</subfield>
  </datafield>
  <datafield tag="505" ind1="0" ind2=" ">
    <subfield code="a">Plan B (Felipe Mesa + Alejandro Bernal) y JPRCR (Camilo Restrepo + J. Paul Restrepo) / Orquidedrama, Medell&#xED;n. (Colombia). p.109</subfield>
  </datafield>
  <datafield tag="505" ind1="0" ind2=" ">
    <subfield code="a">Uribe de Bedout arquitectos / Biblioteca P&#xFA;blica de EE.PP.M, Guayaquil, Medell&#xED;n. (Colombia). p.110</subfield>
  </datafield>
  <datafield tag="505" ind1="0" ind2=" ">
    <subfield code="a">Juan Manuel Pel&#xE1;ez Freidei, arqs, Mauricio Gaviria Restrepo / Colegio Bureche - 1&#xBA; Etapa. p.112</subfield>
  </datafield>
  <datafield tag="505" ind1="0" ind2=" ">
    <subfield code="a">Ana Elvira V&#xE9;lez V. &amp; Juan Bernardo  Echeverri / Punta de Piedra, Medell&#xED;n. (Colombia). p.114</subfield>
  </datafield>
  <datafield tag="505" ind1="0" ind2=" ">
    <subfield code="a">Obranegra arquitectos, Carlos Pardo Botero, Mauricio Zuloaga Latorre y Nicol&#xE1;s V&#xE9;lez Jaramillo / Edificio Guayac&#xE1;n de Avignon, Medell&#xED;n, Antioquia. (Colombia). p.115</subfield>
  </datafield>
  <datafield tag="505" ind1="0" ind2=" ">
    <subfield code="a">Lorenzo Castro Jaramillo y Juan Camilo Santamar&#xED;a Delgado / Intervenci&#xF3;n Urbana en el Centro Hist&#xF3;rico de Zipaquir&#xE1;, Parque Central de la Esperanza, Alameda CRA. 12 y Plaza de los comuneros.  (Colombia) p.116</subfield>
  </datafield>
  <datafield tag="505" ind1="0" ind2=" ">
    <subfield code="a">Giancarlo Mazzanti, Daniel Bonilla y Rafael Esguerra / Centro internacional de convenciones C.I.C. (Colombia). p.117</subfield>
  </datafield>
  <datafield tag="505" ind1="0" ind2=" ">
    <subfield code="a">Diego Barajas y Camilo Garc&#xED;a / Collage sonoro y tres habitaciones para la inmersi&#xF3;n  - proyecto para la instalaci&#xF3;n de la exposici&#xF3;n de la IV Bienal Iberoamericana de arquitectura en San Pablo. (San Pablo) p.118</subfield>
  </datafield>
  <datafield tag="505" ind1="0" ind2=" ">
    <subfield code="a">Diego Barajas y Camilo Garc&#xED;a / Dispersi&#xF3;n en Casa de Am&#xE9;rica, Pheo5. Inversiones en la mundializaci&#xF3;n (Madrid). p.119</subfield>
  </datafield>
  <datafield tag="505" ind1="0" ind2=" ">
    <subfield code="a">Rafael  Iglesias / Casa sin habitante: reflexiones sobre el pabell&#xF3;n alem&#xE1;n en Barcelona. p.120</subfield>
  </datafield>
  <datafield tag="505" ind1="0" ind2=" ">
    <subfield code="a">Roberto Fern&#xE1;ndez / Jacques Austerlitz, arquitecto. p.123</subfield>
  </datafield>
  <datafield tag="505" ind1="0" ind2=" ">
    <subfield code="a">Mario Sabugo / Ningunismo y situacionismo. p.124</subfield>
  </datafield>
  <datafield tag="505" ind1="0" ind2=" ">
    <subfield code="a">Rafael Iglesia / Am&#xE9;rica no del norte. p.127</subfield>
  </datafield>
  <datafield tag="650" ind1=" " ind2=" ">
    <subfield code="a">Arquitectura contempor&#xE1;nea</subfield>
  </datafield>
  <datafield tag="773" ind1="0" ind2=" ">
    <subfield code="a">Summa+</subfield>
    <subfield code="d">Buenos Aires, Argentina</subfield>
    <subfield code="g">N&#xBA;87 (junio-2007), p.128</subfield>
    <subfield code="x">0327-9022</subfield>
  </datafield>
  <datafield tag="908" ind1=" " ind2=" ">
    <subfield code="a">Imp</subfield>
  </datafield>
  <datafield tag="942" ind1=" " ind2=" ">
    <subfield code="2">udc</subfield>
    <subfield code="c">ART</subfield>
  </datafield>
  <datafield tag="945" ind1=" " ind2=" ">
    <subfield code="d">2022-07-08</subfield>
  </datafield>
  <datafield tag="980" ind1=" " ind2=" ">
    <subfield code="6">138</subfield>
    <subfield code="a">Carolina Rainero</subfield>
    <subfield code="8">1</subfield>
    <subfield code="g">Maricel Allasia</subfield>
  </datafield>
  <datafield tag="999" ind1=" " ind2=" ">
    <subfield code="c">12055</subfield>
    <subfield code="d">12055</subfield>
  </datafield>
  <datafield tag="952" ind1=" " ind2=" ">
    <subfield code="0">0</subfield>
    <subfield code="1">0</subfield>
    <subfield code="2">udc</subfield>
    <subfield code="4">0</subfield>
    <subfield code="7">0</subfield>
    <subfield code="a">AR-RoUNA</subfield>
    <subfield code="b">AR-RoUNA</subfield>
    <subfield code="c">Heme</subfield>
    <subfield code="d">2025-08-04</subfield>
    <subfield code="e">Don</subfield>
    <subfield code="l">0</subfield>
    <subfield code="p">1002714</subfield>
    <subfield code="r">2025-08-04</subfield>
    <subfield code="t">ej. 1</subfield>
    <subfield code="w">2025-08-04</subfield>
    <subfield code="y">ART</subfield>
    <subfield code="k">K6</subfield>
    <subfield code="x"></subfield>
  </datafield>
</record>
